| 000 | 00576nam a2200229Ia 4500 | ||
|---|---|---|---|
| 008 | 160901s9999 xx 000 0 und d | ||
| 020 | _a0-07-225370-3 | ||
| 050 | _aComSc QA 76.73 | ||
| 050 | _b.C153K46 2004 c.1 | ||
| 100 | _aKent, Jeff. | ||
| 245 | _aC++ demystified / | ||
| 245 | _cJeff Kent. | ||
| 260 | _aNew York : | ||
| 260 | _bMcGraw-Hill, | ||
| 260 | _c2004 | ||
| 300 | _a348 pages : | ||
| 300 | _bill. ; | ||
| 300 | _c23 cm. | ||
| 440 | _aMc Graw-Hill "Demystified" series | ||
| 500 | _aIncludes index. | ||
| 650 | _aC++ (Computer program language). | ||
| 999 |
_c300963 _d300963 |
||